[Event "AUTO-OPEN-3936"]
[Site "http://www.queenalice.com/game.php?id=1528685"]
[Date "2018.5.26"]
[Round "1"]
[White "Viking_Berseker"]
[Black "ratorei"]
[Result "0-1"]
[WhiteElo "2084"]
[BlackElo "2243"]

1. e4 c5 2. d4 cxd4 3. Qxd4 Nc6 4. Qd3 e6 5. Nc3 Nf6 6. Nf3 Be7 7. Bf4 d6 8.
O-O-O e5 9. Be3 a6 10. Kb1 Be6 11. Ng5 Bd7 12. Nd5 Nxd5 13. exd5 Nb4 14. Qd2 a5
15. a3 Na6 16. f4 Bxg5 17. fxg5 b5 18. Be2 O-O 19. h4 f5 20. gxf6 Qxf6 21. Rdf1
Qg6 22. Bd3 e4 23. Be2 Rxf1+ 24. Bxf1 b4 25. Bxa6 Rxa6 26. axb4 axb4 27. Qxb4
Qxg2 28. Rg1 Qh3 29. Qxe4 Qf5 30. Qxf5 Bxf5 31. Kc1 Ra5 32. c4 Kf7 33. Kd2 Ra2
34. Kc3 Ra8 35. Bf4 Rd8 36. b4 g6 37. Ra1 Rd7 38. Ra6 Ke7 39. Kd4 Bh3 40. Bxd6+
Rxd6 41. Rxd6 Kxd6 42. c5+ Kc7 43. b5 Bg2 44. Ke5 h6 45. d6+ Kd7 0-1

[Event "AUTO-OPEN-3936"]
[Site "http://www.queenalice.com/game.php?id=1528686"]
[Date "2018.5.26"]
[Round "1"]
[White "ratorei"]
[Black "Viking_Berseker"]
[Result "0-1"]
[WhiteElo "2143"]
[BlackElo "2156"]

1. d4 d5 2. c4 Nc6 3. e3 e5 4. dxe5 d4 5. exd4 Qxd4 6. Qxd4 Nxd4 7. Bd3 Ne7 8.
Be3 Bf5 9. Bxd4 Bxd3 10. b3 Nc6 11. Bc3 Bb4 12. Nf3 O-O-O 13. Bxb4 Nxb4 14. Na3
Rhe8 15. O-O-O Nxa2+ 16. Kb2 Nb4 17. Kc3 a5 18. Rd2 Be4 19. Rhd1 Bxf3 20. Rxd8+
Rxd8 21. Rxd8+ Kxd8 22. gxf3 c6 23. Kd4 Kd7 24. f4 b6 25. f5 Ke7 26. c5 b5 27.
h4 g6 28. f6+ Ke6 29. Ke4 Na6 30. Kd4 Nb8 31. f4 Kf5 32. Nc2 Kxf4 33. Ne1 Nd7
34. Nd3+ Kf5 35. b4 a4 36. Nf2 Nxe5 37. Ne4 Nf3+ 38. Ke3 Nxh4 0-1

[Event "AUTO-OPEN-3937"]
[Site "http://www.queenalice.com/game.php?id=1529123"]
[Date "2018.5.30"]
[Round "1"]
[White "Viking_Berseker"]
[Black "hercolubus"]
[Result "1-0"]
[WhiteElo "2106"]
[BlackElo "1914"]

1. e4 c5 2. d4 cxd4 3. Qxd4 Nc6 4. Qd3 d6 5. Nf3 e6 6. Nc3 Nf6 7. Be2 Be7 8. Bf4
e5 9. Be3 Bg4 10. h3 Bd7 11. O-O Be6 12. Ng5 1-0

[Event "AUTO-OPEN-3937"]
[Site "http://www.queenalice.com/game.php?id=1529124"]
[Date "2018.5.30"]
[Round "1"]
[White "hercolubus"]
[Black "Viking_Berseker"]
[Result "0-1"]
[WhiteElo "1914"]
[BlackElo "2076"]

1. d4 f5 2. g3 e6 3. Nc3 Nf6 4. Bg2 Be7 5. Nf3 O-O 6. O-O d6 7. h3 Qe8 8. Re1
Nbd7 9. e3 h6 10. e4 fxe4 0-1

[Event "AUTO-OPEN-3937"]
[Site "http://www.queenalice.com/game.php?id=1529127"]
[Date "2018.5.30"]
[Round "1"]
[White "Viking_Berseker"]
[Black "NIBIRO"]
[Result "1-0"]
[WhiteElo "2140"]
[BlackElo "1843"]

1. e4 c5 2. d4 cxd4 3. Qxd4 Nc6 4. Qd3 Nf6 5. Nc3 d6 6. Nf3 e6 7. Be2 Be7 8. Bf4
e5 9. Be3 O-O 10. O-O-O Bg4 11. h3 Be6 12. a3 a6 13. Ng5 1-0

[Event "AUTO-OPEN-3937"]
[Site "http://www.queenalice.com/game.php?id=1529128"]
[Date "2018.5.30"]
[Round "1"]
[White "NIBIRO"]
[Black "Viking_Berseker"]
[Result "0-1"]
[WhiteElo "1843"]
[BlackElo "2129"]

1. d4 f5 2. Nc3 Nf6 3. Nf3 e6 4. g3 Be7 5. Bg2 O-O 6. O-O d6 7. h3 Qe8 8. Re1
Nbd7 9. b3 h6 10. e4 fxe4 0-1

[Event "AUTO-OPEN-3940"]
[Site "http://www.queenalice.com/game.php?id=1530288"]
[Date "2018.6.8"]
[Round "1"]
[White "Viking_Berseker"]
[Black "Skag420"]
[Result "1-0"]
[WhiteElo "2173"]
[BlackElo "1444"]

1. e4 a6 2. d4 b5 3. Bd3 d6 4. c3 e6 5. f4 Nh6 6. Nf3 Nc6 7. h3 Bb7 8. Be3 Be7
9. O-O Qd7 10. Qd2 O-O-O 11. a4 Na5 12. Qc2 f6 13. axb5 Nc4 14. Bxc4 axb5 15.
Bd3 f5 16. Na3 c6 17. b4 Nf7 18. exf5 exf5 19. Bxf5 c5 20. Bxd7+ Rxd7 21. Nxb5
h6 22. dxc5 d5 23. Qg6 Bf6 24. Bd4 Bd8 25. Na7+ Kb8 26. Ne5 Nxe5 27. Bxe5+ Bc7
28. c6 Rdd8 29. Bxc7+ Kxc7 30. Qxg7+ Kb6 31. Qxb7# 1-0

[Event "AUTO-OPEN-3940"]
[Site "http://www.queenalice.com/game.php?id=1530289"]
[Date "2018.6.8"]
[Round "1"]
[White "Skag420"]
[Black "Viking_Berseker"]
[Result "0-1"]
[WhiteElo "1313"]
[BlackElo "2150"]

1. e4 d5 2. f3 dxe4 3. fxe4 e5 4. Bc4 f5 5. Nc3 Nf6 6. Nf3 fxe4 7. Ng5 Bg4 8.
Be2 Bxe2 9. Nxe2 Bc5 10. c4 Bf2+ 11. Kxf2 Ng4+ 12. Kg1 Qxg5 13. h4 Qf6 14. Qf1
Qb6+ 15. Qf2 Qxf2# 0-1

[Event "AUTO-OPEN-3940"]
[Site "http://www.queenalice.com/game.php?id=1530291"]
[Date "2018.6.8"]
[Round "1"]
[White "clovis"]
[Black "Viking_Berseker"]
[Result "0-1"]
[WhiteElo "1964"]
[BlackElo "2159"]

1. e4 e5 2. Bc4 f5 3. Bxg8 Rxg8 4. Qh5+ g6 5. Qxh7 Rg7 6. Qh8 Nc6 7. d3 f4 8.
Nf3 d6 9. Nc3 Nb4 10. Kd1 Be6 11. d4 Qe7 12. a3 Nxc2 13. Kxc2 Rh7 14. Qxh7 Qxh7
15. dxe5 Bh6 16. exd6 cxd6 17. h4 Rc8 18. Bd2 Qf7 19. Ng5 Qe7 20. Bxf4 Bxg5 21.
hxg5 Qf7 22. Bxd6 Qxf2+ 23. Kb1 Bb3 24. Rc1 Qd2 0-1

[Event "AUTO-OPEN-3940"]
[Site "http://www.queenalice.com/game.php?id=1530292"]
[Date "2018.6.8"]
[Round "1"]
[White "Viking_Berseker"]
[Black "avieytoa"]
[Result "1-0"]
[WhiteElo "2150"]
[BlackElo "1818"]

1. e4 e5 2. f4 Nc6 3. Nf3 Nf6 4. fxe5 Nxe4 5. d3 Nc5 6. d4 Ne4 7. Bd3 d5 8. exd6
Nxd6 9. O-O Nb4 10. Qe1+ Be7 11. Qxb4 O-O 12. c4 Nf5 13. Qc3 Bf6 14. Bxf5 Bxf5
15. Ne5 Be6 16. Be3 a5 17. Nd2 h6 18. Nef3 1-0

[Event "AUTO-OPEN-3940"]
[Site "http://www.queenalice.com/game.php?id=1530293"]
[Date "2018.6.8"]
[Round "1"]
[White "avieytoa"]
[Black "Viking_Berseker"]
[Result "0-1"]
[WhiteElo "1818"]
[BlackElo "2155"]

1. e4 d5 2. e5 c5 3. d4 cxd4 4. Qxd4 Nc6 5. Qf4 g6 6. Nf3 Bh6 7. Qa4 Bxc1 8. Bb5
Bd7 9. Qb3 e6 10. O-O Bf4 11. Re1 Qc7 12. Nc3 Rd8 13. g3 Nxe5 14. Nxe5 Bxe5 15.
Re3 Bxc3 16. Rxc3 Qd6 17. Bf1 Bc6 18. Bg2 Nf6 19. a4 O-O 0-1

[Event "AUTO-OPEN-3940"]
[Site "http://www.queenalice.com/game.php?id=1543906"]
[Date "2018.9.28"]
[Round "2"]
[White "Viking_Berseker"]
[Black "Fredo"]
[Result "0-1"]
[WhiteElo "2137"]
[BlackElo "1978"]

1. e4 c5 2. Bc4 e6 3. Qe2 Nc6 4. c3 Bd6 5. Nf3 a6 6. a4 Nge7 7. O-O O-O 8. d3
Bc7 9. Be3 b6 10. Nbd2 d5 11. Ba2 d4 12. Bg5 h6 13. Bh4 e5 14. h3 g5 15. Bg3 Kg7
16. Nc4 b5 0-1

[Event "AUTO-OPEN-3937"]
[Site "http://www.queenalice.com/game.php?id=1544099"]
[Date "2018.9.29"]
[Round "2"]
[White "josebaron"]
[Black "Viking_Berseker"]
[Result "1-0"]
[WhiteElo "2023"]
[BlackElo "2162"]

1. e4 e5 2. Bc4 f5 3. exf5 Nf6 4. d3 d5 5. Bb3 Bxf5 6. Nf3 Nc6 7. O-O Bd6 8. c4
O-O 9. cxd5 Nd4 10. Nxd4 exd4 11. h3 Qd7 12. Qf3 Rae8 13. Bf4 Bxf4 14. Qxf4 Kh8
15. Qxd4 1-0

[Event "AUTO-OPEN-3937"]
[Site "http://www.queenalice.com/game.php?id=1544100"]
[Date "2018.9.29"]
[Round "2"]
[White "Viking_Berseker"]
[Black "josebaron"]
[Result "0-1"]
[WhiteElo "2187"]
[BlackElo "2050"]

1. e4 e5 2. f4 exf4 3. Bc4 Nf6 4. Nf3 Nxe4 5. O-O Be7 6. Nc3 Nxc3 7. dxc3 O-O 8.
Bxf4 d6 9. Qd2 Nd7 10. Rae1 Nf6 11. Bd3 Nh5 12. Bh6 Bf6 0-1